ا و ر ا ق ز ر يں (Record no. 164614)

MARC details
000 -LEADER
fixed length control field 00667nam a22001937a 4500
005 - DATE AND TIME OF LATEST TRANSACTION
control field 20190523125704.0
010 ## - LCCN (DPL NO)
LC control number UR-10142
020 ## - INTERNATIONAL STANDARD BOOK NUMBER
Terms of availability 193.00
International Standard Book Number 9789386624284
035 ## - SYSTEM CONTROL NUMBER
System control number U-8697
037 ## - SOURCE OF ACQUISITION
Source of stock number/acquisition DBAD/PUB
082 ## - DEWEY DECIMAL CLASSIFICATION NUMBER
Classification number 844.954
100 ## - MAIN ENTRY--PERSONAL NAME
Personal name د ر خشا ں تا جو ر
245 ## - TITLE STATEMENT
Title ا و ر ا ق ز ر يں
Statement of responsibility, etc د ر خشا ں تا جو ر
246 ## - VARYING FORM OF TITLE
Remainder of title Auraq*eZarrin (Urdu)
Title proper/short title by Dr. Darakhshan Tajwer
260 ## - PUBLICATION, DISTRIBUTION, ETC. (IMPRINT)
Place of publication, distribution, etc Delhi
Name of publisher, distributor, etc Educational Publishing House
Date of publication, distribution, etc 2017 ء
270 ## - ADDRESS
Address 3191،Vakil Street,Kucha Pandit,Lal Kuan,
City Delhi
Postal code 110006
Telephone number 23216162
Fax number 00911123211540
300 ## - PHYSICAL DESCRIPTION
Extent 336ص
Dimensions 22 Cm.(bk)
942 ## - ADDED ENTRY ELEMENTS (KOHA)
Source of classification or shelving scheme Dewey Decimal Classification
Item type Urdu Bks
Classification part 844.954
Call number suffix د ر خ
Holdings
Withdrawn status Lost status Not for loan Collection code Home library Current library Date acquired Source of acquisition Cost, normal purchase price Full call number Barcode Copy number Cost, replacement price Koha item type
    Not For Loan Non-fiction D.B.Act.Division D.B.Act.Division 23/05/2019 DBAD/PUB 193.00 844.954 د ر خ U-8697 1 193.00 Urdu Bks

© Delhi Public Library
Hit Counter
free hit counter